000
00280nam a2200109Ia 4500
001
1275971
005
20260417160438.0
008
260417s9999 xx 000 0 und d
020
_a
9786258094879
245
0
_a
Devrim Erbil - Sanat Ülkesi
_c
Devrim Erbil
260
_b
Ketebe Çocuk
999
_c
1275971
_d
1275971